[Event "SRI-chB (Women)"]
[Site "Colombo"]
[Date "2014.02.26"]
[Round "1"]
[White "Thilakawardana, Supeshala"]
[Black "Abeywardana, Hasandi Yapa"]
[Result "1-0"]
[WhiteElo "1765"]
[BlackElo "1244"]
[PlyCount "61"]
[EventDate "2014.02.26"]
[EventType "swiss"]
[EventRounds "10"]
[EventCountry "SRI"]
[SourceTitle "CBM 159 Extra"]
[Source "ChessBase"]
[SourceDate "2014.04.24"]
[SourceVersion "1"]
[SourceVersionDate "2014.04.24"]
[SourceQuality "1"]

1. d4 c5 2. Nf3 d5 3. Bf4 Nc6 4. e3 Qb6 5. Nc3 Nf6 6. Nb5 Kd7 7. Bc7 Qa6 8. Ne5+ Ke8 9. Nd6+ exd6 10. Bxa6 bxa6 11. Nxc6 Kd7 12. dxc5 Kxc7 13. Nb4 dxc5 14. Nxd5+ Nxd5 15. Qxd5 Rb8 16. Qxf7+ Bd7 17. 0-0-0 Rd8 18. Rd3 Bd6 19. Rhd1 Rhf8 20. Qxg7 Rg8 21. Qc3 Bf8 22. Qa5+ Kc8 23. Qxa6+ Kc7 24. Qxa7+ Kc6 25. Qa4+ Kc7 26. Rxd7+ Rxd7 27. Rxd7+ Kb6 28. Qb3+ Ka6 29. Qe6+ Kb5 30. Rb7+ Ka4 31. Qa6# 1-0